| 000 -ლიდერი |
| ფიქსირებული სიგრძის საკონტროლო ველი |
01178nam a2200217Ia 4500 |
| 001 - საკონტროლო ნომერი |
| საკონტროლო ველი |
3397 |
| 003 - საკონტროლო ნომრის იდენტიფიკატორი |
| საკონტროლო ველი |
GE_BSU |
| 005 - ბოლო ოპერაციის თარიღი და დრო |
| საკონტროლო ველი |
20190607164350.0 |
| 008 - ფიქსირებული სიგრძის მონაცემთა ელემენტები - ზოგადი ინფორმაცია |
| ფიქსირებული სიგრძის საკონტროლო ველი |
181216s1982||||ge |||||||||||||| ||geo|| |
| 020 ## - წიგნის საერთაშორისო სტანდარტული ნომერი |
| International Standard Book Number |
თარგმანი მეხუთე შევსებ. და გადამ. რუს. გამ. |
| 040 ## - კატალოგიზაციის წყარო |
| Transcribing agency |
GE_BSU |
| 041 ## - ენის კოდი |
| Language code of text/sound track or separate title |
geo |
| 080 ## - უნივერსალური ათობითი კლასიფიკაციის ინდექსი |
| Universal Decimal Classification number |
621.165(075.8) შ–97 |
| 100 ## - მთავარი ჩანაწერი - პიროვნების სახელი |
| Personal name |
შჩეგლიაევი, ა. |
| 9 (RLIN) |
2279 |
| 245 ## - ცნობა სათაურის შესახებ |
| Title |
ორთქლის ტურბინები;ტურბინების თბური პროცესის თეორია და კონსტრუქციები. ნაწ. l : სახელმძღვ. / |
| Statement of responsibility, etc |
ა.შჩეგლიაევი ; რედ : ვ. გოგსაძე. |
| 264 ## - წარმოების, გამოცემის, დისტრიბუციის და სხვა ცნობები |
| გამოცემის, წარმოების, დისტრიბუციის... ადგილი |
თბილისი : |
| გამოცემის, წარმოების, დისტრიბუციის... სახელწოდება |
განათლება, |
| გამოცემის, წარმოების, დისტრიბუციის... თარიღი |
1982-1986. |
| 300 ## - ფიზიკური აღწერა |
| Extent |
402 გვ.: |
| Other physical details |
ილ |
| Dimensions |
27 სმ. |
| 653 ## - INDEX TERM--UNCONTROLLED |
| Uncontrolled term |
ორთქლის ტურბინები.თბური პროცესის თეორია და კონსტრუქციები |
| 700 ## - ADDED ENTRY--PERSONAL NAME |
| Personal name |
გოგსაძე, ვ |
| Relator term |
რედაქტორი |
| 9 (RLIN) |
496 |
| 942 ## - ADDED ENTRY ELEMENTS (KOHA) |
| Koha item type |
წიგნი |
| Source of classification or shelving scheme |
|